5HLuxD.jpg

KING HENRY VIII SENIOR AND PRIMARY SCHOOL LIBRARY OPAC

Yerma / (Record no. 5478)

000 -LEADER
fixed length control field 01022cam a2200313 i 4500
001 - CONTROL NUMBER
control field 020229007
003 - CONTROL NUMBER IDENTIFIER
control field Uk
005 - DATE AND TIME OF LATEST TRANSACTION
control field 20250923134347.0
008 - FIXED-LENGTH DATA ELEMENTS--GENERAL INFORMATION
fixed length control field 210618s2020 enk 000 d eng c
020 ## - INTERNATIONAL STANDARD BOOK NUMBER
International Standard Book Number 9781999654399
Qualifying information paperback
040 ## - CATALOGING SOURCE
Original cataloging agency Uk
Language of cataloging eng
Transcribing agency Uk
Modifying agency WlAbNL
-- KH8
Description conventions rda
041 1# - LANGUAGE CODE
Language code of text/sound track or separate title eng
Language code of original spa
042 ## - AUTHENTICATION CODE
Authentication code ukscp
082 ## - DEWEY DECIMAL CLASSIFICATION NUMBER
Classification number 822 LOR
100 1# - MAIN ENTRY--PERSONAL NAME
Personal name García Lorca, Federico,
Dates associated with a name 1898-1936,
Relator term author.
245 10 - TITLE STATEMENT
Title Yerma /
Statement of responsibility, etc. by Federico García Lorca ; Translated by Kathryn Phillips-Miles & Simon Deefholts.
264 #1 - PRODUCTION, PUBLICATION, DISTRIBUTION, MANUFACTURE, AND COPYRIGHT NOTICE
Place of production, publication, distribution, manufacture London :
Name of producer, publisher, distributor, manufacturer The Clapton Press,
Date of production, publication, distribution, manufacture, or copyright notice 2020.
300 ## - PHYSICAL DESCRIPTION
Extent 95 pages ;
Dimensions 22 cm
336 ## - CONTENT TYPE
Content type term text
Content type code txt
Source rdacontent
337 ## - MEDIA TYPE
Media type term unmediated
Media type code n
Source rdamedia
338 ## - CARRIER TYPE
Carrier type term volume
Carrier type code nc
Source rdacarrier
500 ## - GENERAL NOTE
General note Original Spanish first published 1934.
650 #0 - SUBJECT ADDED ENTRY--TOPICAL TERM
Topical term or geographic name entry element Women peasants
General subdivision Social conditions
Form subdivision Drama.
650 #0 - SUBJECT ADDED ENTRY--TOPICAL TERM
Topical term or geographic name entry element Childlessness
Form subdivision Drama.
650 #0 - SUBJECT ADDED ENTRY--TOPICAL TERM
Topical term or geographic name entry element Mariticide
Form subdivision Drama.
700 1# - ADDED ENTRY--PERSONAL NAME
Personal name Phillips-Miles, Kathryn,
Relator term translator.
700 1# - ADDED ENTRY--PERSONAL NAME
Personal name Deefholts, Simon Murray,
Relator term translator.
942 ## - ADDED ENTRY ELEMENTS (KOHA)
Source of classification or shelving scheme
Koha item type Teaching Resources
Holdings
Withdrawn status Lost status Source of classification or shelving scheme Damaged status Not for loan Collection code Permanent Location Current Location Shelving location Date acquired Total Checkouts Full call number Barcode Date due Date last seen Date last checked out Price effective from Koha item type
          Teaching Resources KH8 Senior School Library KH8 Senior School Library Staff Office 2025-09-23 1 822 LOR TRKHSL006683 2026-07-03 2025-09-24 2025-09-24 2025-09-23 Teaching Resources
          Teaching Resources KH8 Senior School Library KH8 Senior School Library Staff Office 2025-09-23 1 822 LOR TRKHSL006684 2026-07-03 2025-09-24 2025-09-24 2025-09-23 Teaching Resources
          Teaching Resources KH8 Senior School Library KH8 Senior School Library Staff Office 2025-09-23 1 822 LOR TRKHSL006685 2026-07-03 2025-09-24 2025-09-24 2025-09-23 Teaching Resources
          Teaching Resources KH8 Senior School Library KH8 Senior School Library Staff Office 2025-09-23 1 822 LOR TRKHSL006686 2026-07-03 2025-09-24 2025-09-24 2025-09-23 Teaching Resources
          Teaching Resources KH8 Senior School Library KH8 Senior School Library Staff Office 2025-09-23 1 822 LOR TRKHSL006687 2026-07-03 2025-09-24 2025-09-24 2025-09-23 Teaching Resources

Powered By KH8 IT Dept